000 00454nam a2200157Ia 4500
003 OSt
005 20200703101118.0
008 190216s9999||||xx |||||||||||||| ||und||
040 _coclc
082 _a942
_bKHU/S
100 _aKhurana, K L
_93055
245 0 _aSimple History Of England /
_cK L Khurana
260 _bLakshmi Narain Agarwal Publishing,
_c1998.
_aAgra:
300 _a420p
942 _cBK
_2ddc
_h942
_iKHU/S
_k942
_mKHU/S
999 _c20680
_d20680